00538nam a2200145 a 450000100100000000500170001000800410002702000150006804000250008310000380010824501070014626000690025330000210032258600490034300004402020201002045110.0140513s1993 sp 000 0 spa d a8488675003 aDO-SdBNPbspacBNPHU1 aPanero Martínez, José Antonio10aEleonor Mermelada perdio el mixto a cienfuegos :by otros relatos /cJosé Antonio Panero Martínez. a[Madrid] :bFundación de los Ferrocarriles Españoles,c1993. a105 p. ;c21 cm. aIX Premio narraciones breves Antonio Machado